[Event "Brackel- Porz 2"]
[Site "?"]
[Date "2023.09.03"]
[Round "1.4"]
[White "Tkachuk, Konstantin"]
[Black "Schmidt, Bodo"]
[Result "1/2-1/2"]
[WhiteElo "2246"]
[BlackElo "2251"]
[PlyCount "93"]
[EventDate "2023.??.??"]
[SourceVersionDate "2023.09.04"]

1. e4 e6 2. d4 d5 3. exd5 exd5 4. Nf3 Bd6 5. c4 c6 6. Nc3 Ne7 7. c5 Bc7 8. Be2 O-O 9. O-O Ng6 10. Re1 Re8 11. b4 a6 12. a4 Nd7 13. Bg5 Nf6 14. Bd3 Rxe1+ 15. Qxe1 Bd7 16. Ne5 Be8 17. Ra2 h6 18. Bc1 Nf8 19. f4 N6d7 20. a5 f6 21. Nxd7 Bxd7 22. f5 Qe8 23. Qd1 Qf7 24. Rf2 Re8 25. Bd2 Re7 26. g4 Nh7 27. Qf1 Qe8 28. Qg2 Qb8 29. Rf1 Re8 30. h4 Qd8 31. Ne2 Kf7 32. Nf4 Nf8 33. Nxd5 cxd5 34. Qxd5+ Be6 35. fxe6+ Nxe6 36. Bc4 Qxd5 37. Bxd5 Rd8 38. Bxe6+ Kxe6 39. Re1+ Kf7 40. Re4 h5 41. Bc3 hxg4 42. Rxg4 f5 43. Rg5 Rd5 44. Kf2 Bd8 45. Rh5 Kg8 46. Bd2 Rxd4 47. Ke3 1/2-1/2

[Event "Brackel- Porz 2"]
[Site "?"]
[Date "2023.09.03"]
[Round "1.5"]
[White "Gluma, Christian"]
[Black "Kartsev, Soel"]
[Result "1-0"]
[WhiteElo "2032"]
[BlackElo "2150"]
[PlyCount "83"]
[EventDate "2023.??.??"]
[SourceVersionDate "2023.09.04"]

1. e4 e5 2. Nf3 Nc6 3. Bc4 Nf6 4. d3 Bc5 5. c3 d5 6. exd5 Nxd5 7. Qb3 Be6 8. Qxb7 Nde7 9. Qb5 Bxc4 10. dxc4 e4 11. Ng5 Bb6 12. c5 Qd5 13. Be3 h6 14. Nh3 a6 15. Qb3 Ba7 16. Nf4 Qe5 17. Qc4 O-O 18. Nd2 g5 19. Nh5 Nf5 20. Nxe4 Nxe3 21. fxe3 Kh8 22. Nhf6 Rad8 23. h4 g4 24. O-O Ne7 25. Rad1 Rxd1 26. Rxd1 Qe6 27. Qd3 Nf5 28. Rf1 h5 29. b4 c6 30. Nxh5 Bb8 31. Ng5 Qxe3+ 32. Qxe3 Nxe3 33. Rxf7 Rxf7 34. Nxf7+ Kh7 35. Nd6 Kg6 36. Nf4+ Kf6 37. Ne2 Nf5 38. Nxf5 Kxf5 39. Nd4+ Ke4 40. Nxc6 Bf4 41. Nd4 Kd3 42. c6 1-0

[Event "Brackel- Porz 2"]
[Site "?"]
[Date "2023.09.03"]
[Round "1.6"]
[White "Goldschmidt, Christian"]
[Black "Sabirov, Rafael"]
[Result "0-1"]
[WhiteElo "2191"]
[BlackElo "2119"]
[PlyCount "44"]
[EventDate "2023.??.??"]
[SourceVersionDate "2023.09.04"]

1. e4 c5 2. d4 cxd4 3. c3 dxc3 4. Nxc3 e6 5. Nf3 a6 6. Bc4 b5 7. Bb3 Nc6 8. O-O Na5 9. Re1 Nxb3 10. Qxb3 Bb7 11. Bf4 Nf6 12. a4 Bc5 13. axb5 Qb6 14. Be3 Bxe3 15. Rxe3 O-O 16. Rd1 axb5 17. Ne5 Bc6 18. Nc4 Qc5 19. Nd6 b4 20. Ne2 Ba4 21. Qd3 Bxd1 22. Qxd1 Qxd6 0-1

[Event "Brackel- Porz 2"]
[Site "?"]
[Date "2023.09.03"]
[Round "1.7"]
[White "Kruse, Victor"]
[Black "Skabs, Dennis"]
[Result "1/2-1/2"]
[WhiteElo "1995"]
[BlackElo "2073"]
[PlyCount "81"]
[EventDate "2023.??.??"]
[SourceVersionDate "2023.09.04"]

1. d4 d5 2. c4 e6 3. Nf3 Nf6 4. Nc3 Bb4 5. cxd5 exd5 6. Bg5 h6 7. Bh4 g5 8. Bg3 c6 9. Nd2 Bf5 10. Qb3 Qb6 11. e3 Nbd7 12. Be2 a5 13. O-O O-O 14. a3 Be7 15. Qxb6 Nxb6 16. f3 Rfe8 17. e4 Bg6 18. Bc7 Nbd7 19. Rae1 Rec8 20. Bg3 Bd8 21. exd5 cxd5 22. Bb5 Bb6 23. Bf2 Nf8 24. Nb3 Ne6 25. Na4 Ba7 26. Nbc5 Nc7 27. Be2 b6 28. Nd3 Ne6 29. Rc1 Nh5 30. Nc3 Nhf4 31. Nxf4 Nxf4 32. Ba6 Re8 33. Rfe1 Bd3 34. Bb7 Rad8 35. Rxe8+ Rxe8 36. Rd1 Bc4 37. a4 Ne2+ 38. Nxe2 Rxe2 39. Rb1 Ba2 40. Re1 Rxe1+ 41. Bxe1 1/2-1/2

[Event "Brackel- Porz 2"]
[Site "?"]
[Date "2023.09.03"]
[Round "1.8"]
[White "Bungarten, Jona"]
[Black "Gallasch, Robin"]
[Result "0-1"]
[WhiteElo "2107"]
[BlackElo "2049"]
[PlyCount "92"]
[EventDate "2023.??.??"]
[SourceVersionDate "2023.09.04"]

1. e4 c5 2. d4 cxd4 3. c3 dxc3 4. Nxc3 Nc6 5. Nf3 e6 6. Bc4 Nge7 7. Bg5 h6 8. Be3 Ng6 9. O-O Be7 10. Nd4 O-O 11. Qh5 Qa5 12. Qe2 Nxd4 13. Bxd4 b6 14. Nb5 Bc5 15. b4 Bxb4 16. a3 Bc5 17. Bc3 Qa4 18. Nc7 Bb7 19. Nxa8 Rxa8 20. Rfd1 Rc8 21. Bb5 Qb3 22. Qb2 Bxf2+ 23. Kxf2 Rxc3 24. Qxb3 Rxb3 25. Rxd7 Bxe4 26. Be2 a5 27. Rc1 Ne5 28. Rc8+ Kh7 29. Rd4 Bd5 30. a4 g6 31. Rd2 Kg7 32. h3 Rb4 33. Bb5 Bb3 34. Re2 Kf6 35. Rb8 Bd1 36. Ra2 Bb3 37. Ra3 Bd5 38. Re3 Nc4 39. Rc3 Ke5 40. Be8 Rb2+ 41. Ke1 Kd4 42. Rg3 Ne3 43. Bxf7 Rb1+ 44. Kf2 Rf1+ 45. Ke2 Bc4+ 46. Kd2 Rd1# 0-1

[Event "Katernberg 2- Katernberg"]
[Site "?"]
[Date "2023.09.03"]
[Round "1.1"]
[White "Siebrecht, Sebastian"]
[Black "Bee, Marcus"]
[Result "1-0"]
[WhiteElo "2361"]
[BlackElo "2204"]
[PlyCount "65"]
[EventDate "2023.??.??"]
[SourceVersionDate "2023.09.04"]

1. d4 d5 2. Nf3 c5 3. dxc5 e6 4. Be3 Nf6 5. c3 Be7 6. b4 O-O 7. Nbd2 Qc7 8. Nb3 e5 9. Rc1 Be6 10. h3 Nbd7 11. g4 Rfd8 12. Ng5 b6 13. Nxe6 fxe6 14. g5 Nh5 15. h4 g6 16. Bh3 Ng7 17. cxb6 axb6 18. Qd2 Rf8 19. Bxe6+ Nxe6 20. Qxd5 Kf7 21. h5 Rh8 22. Rh3 Rad8 23. Rf3+ Nf6 24. Qe4 Nxg5 25. Bxg5 Rhg8 26. h6 Rgf8 27. Nd2 Rd4 28. Qb1 Rg4 29. Qb3+ Ke8 30. Bxf6 Rg1+ 31. Nf1 Rxf6 32. Rxf6 Bxf6 33. Qg8+ 1-0

[Event "Katernberg 2- Katernberg"]
[Site "?"]
[Date "2023.09.03"]
[Round "1.2"]
[White "Irkilmez, Yakub"]
[Black "Tomic, Bosko"]
[Result "0-1"]
[WhiteElo "2123"]
[BlackElo "2433"]
[PlyCount "130"]
[EventDate "2023.??.??"]
[SourceVersionDate "2023.09.04"]

1. d4 Nf6 2. c4 g6 3. Nc3 Bg7 4. Nf3 O-O 5. e4 c5 6. d5 e6 7. Be2 exd5 8. exd5 d6 9. h3 Bf5 10. O-O Ne4 11. Nxe4 Bxe4 12. Bd3 Bxf3 13. Qxf3 Nd7 14. Qg3 Be5 15. f4 Bd4+ 16. Kh1 Nf6 17. Qf3 Nd7 18. Qg3 Qf6 19. Rb1 Rae8 20. b3 Re7 21. f5 Be5 22. Qg4 Qg7 23. Qh4 Bf6 24. Qg3 Ne5 25. fxg6 fxg6 26. Bf4 Ref7 27. Bxe5 Bxe5 28. Qg4 Qh6 29. Rxf7 Rxf7 30. Rf1 Rxf1+ 31. Bxf1 Qc1 32. Qf3 Qa3 33. Qf2 Kg7 34. Qh4 Bf6 35. Qf4 Qxa2 36. g3 Qa6 37. h4 Qa1 38. Kg2 Qb2+ 39. Kh3 Be5 40. Qf3 Qd2 41. Bd3 Qe1 42. h5 gxh5 43. Kh4 a6 44. Kh3 Qg1 45. Bf5 b5 46. cxb5 axb5 47. Bd7 c4 48. bxc4 bxc4 49. Be8 Qxg3+ 50. Qxg3+ Bxg3 51. Kxg3 h4+ 52. Kxh4 Kf6 53. Kg4 Ke5 54. Kf3 Kxd5 55. Ke3 Kc5 56. Bf7 d5 57. Bh5 d4+ 58. Kd2 Kb4 59. Kc2 d3+ 60. Kd2 Kb3 61. Bf7 h5 62. Bxh5 c3+ 63. Kd1 c2+ 64. Kc1 Kc3 65. Bd1 d2# 0-1

[Event "Katernberg 2- Katernberg"]
[Site "?"]
[Date "2023.09.03"]
[Round "1.4"]
[White "Villwock, Martin"]
[Black "Gruenter, Martin"]
[Result "0-1"]
[WhiteElo "2086"]
[BlackElo "2227"]
[PlyCount "106"]
[EventDate "2023.??.??"]
[SourceVersionDate "2023.09.04"]

1. c4 c5 2. g3 Nf6 3. Bg2 d5 4. cxd5 Nxd5 5. Nc3 Nc7 6. Nf3 Nc6 7. O-O e5 8. Ne1 Bg4 9. d3 Be7 10. f4 exf4 11. Bxf4 O-O 12. Rc1 Ne6 13. Bd2 Ned4 14. h3 Be6 15. Ne4 Bxa2 16. Rc3 f5 17. Nf2 Bf6 18. e3 Ne6 19. Ra3 Bd5 20. b3 Nc7 21. Qc2 Qd6 22. e4 Nd4 23. Qd1 Bc6 24. Ra2 Qxg3 25. Nh1 Qd6 26. Be3 Be5 27. Nf3 Nxf3+ 28. Bxf3 fxe4 29. Bxe4 Rxf1+ 30. Qxf1 Bd4 31. Bxd4 Qxd4+ 32. Nf2 Bxe4 33. dxe4 Ne6 34. Qc4 Qxc4 35. bxc4 Kf7 36. Nd3 Ke7 37. Kf2 Kd6 38. Ke3 b6 39. h4 g6 40. e5+ Kc6 41. Nf4 Nxf4 42. Kxf4 Rf8+ 43. Ke4 a5 44. Rd2 a4 45. Ra2 Rd8 46. Rxa4 Rd4+ 47. Ke3 Rxh4 48. Ra7 Rh1 49. Kf4 Rf1+ 50. Ke4 h5 51. Rg7 Rg1 52. Rh7 Rg4+ 53. Ke3 Rxc4 0-1

[Event "Katernberg 2- Katernberg"]
[Site "?"]
[Date "2023.09.03"]
[Round "1.5"]
[White "Rosen, Bernd"]
[Black "Gassmann, Volker"]
[Result "1-0"]
[WhiteElo "2292"]
[BlackElo "2148"]
[PlyCount "47"]
[EventDate "2023.??.??"]
[SourceVersionDate "2023.09.04"]

1. c4 e5 2. g3 Nf6 3. Bg2 h6 4. Nc3 Bb4 5. Nf3 e4 6. Nd4 Bxc3 7. bxc3 O-O 8. O-O b6 9. f3 Bb7 10. fxe4 Bxe4 11. Nf3 d6 12. d3 Bb7 13. e4 Nbd7 14. Nh4 a5 15. Nf5 a4 16. e5 Bxg2 17. exf6 Bxf1 18. fxg7 Re8 19. Nxh6+ Kxg7 20. Nf5+ Kf6 21. Qxf1 Re1 22. Qxe1 Kxf5 23. Qe4+ Kf6 24. Bh6 1-0

[Event "Katernberg 2- Katernberg"]
[Site "?"]
[Date "2023.09.03"]
[Round "1.6"]
[White "Dahm, Bernd"]
[Black "Korchynskyi, Mykola"]
[Result "0-1"]
[WhiteElo "2104"]
[BlackElo "2016"]
[PlyCount "68"]
[EventDate "2023.??.??"]
[SourceVersionDate "2023.09.04"]

1. d4 d5 2. c4 e6 3. Nc3 Nf6 4. cxd5 exd5 5. Bg5 Be7 6. Qc2 h6 7. Bh4 O-O 8. e3 b6 9. Nf3 Bb7 10. Bd3 Nbd7 11. O-O Rc8 12. Qe2 a5 13. Ba6 Bxa6 14. Qxa6 c6 15. Qe2 Ne4 16. Bxe7 Qxe7 17. Nxe4 dxe4 18. Nd2 c5 19. dxc5 Nxc5 20. Rfd1 f5 21. Qb5 Rf6 22. Rac1 Rcf8 23. Nb3 Nd3 24. Rc2 f4 25. Nc1 Nb4 26. Rcd2 fxe3 27. fxe3 Qf7 28. Rd7 Qg6 29. Rd8 Kh7 30. Rxf8 Rxf8 31. a3 Rf5 32. Qe2 Nd5 33. Nb3 Nxe3 34. Re1 Nxg2 0-1

[Event "Katernberg 2- Katernberg"]
[Site "?"]
[Date "2023.09.03"]
[Round "1.7"]
[White "Struck, Lasse"]
[Black "Dette, Jan"]
[Result "0-1"]
[WhiteElo "1946"]
[BlackElo "2070"]
[PlyCount "136"]
[EventDate "2023.??.??"]
[SourceVersionDate "2023.09.04"]

1. Nf3 Nf6 2. c4 e6 3. g3 d5 4. Bg2 d4 5. e3 c5 6. exd4 cxd4 7. d3 Nc6 8. O-O Bd6 9. Re1 O-O 10. Bg5 h6 11. Bxf6 gxf6 12. Nxd4 Qb6 13. Nb3 e5 14. Qc1 Bb4 15. Nc3 Kg7 16. Nd5 Qd8 17. Rd1 Bg4 18. f3 Be6 19. Nxb4 Nxb4 20. Qc3 Qe7 21. Kh1 Rac8 22. a3 Na6 23. Nc1 Rfd8 24. Ne2 Nc5 25. b4 Na4 26. Qc2 b5 27. c5 Nb6 28. Qd2 Nc4 29. Qc1 Nb6 30. Qd2 Nc4 31. Qc1 Nb6 32. Nc3 Bb3 33. Rd2 Na4 34. Ne2 Rc7 35. Qb1 Bc4 36. Qc2 Bd5 37. d4 a5 38. dxe5 fxe5 39. Rad1 Rcd7 40. Nc3 Bb3 41. Rxd7 Rxd7 42. Qxb3 Nxc3 43. Rxd7 Qxd7 44. Qc2 axb4 45. axb4 Qd4 46. c6 Qxb4 47. Qf5 Qc5 48. f4 Nd5 49. h4 Qc1+ 50. Kh2 Ne3 51. Qxe5+ Kg8 52. Qe8+ Kg7 53. Qe5+ Kg8 54. Qe8+ Kg7 55. Qd7 Qb2 56. Qh3 Qf2 57. Kh1 Qe1+ 58. Kh2 f5 59. c7 Qc1 60. Be4 Ng4+ 61. Kg2 Qd2+ 62. Kg1 Qe3+ 63. Kh1 Qe1+ 64. Kg2 Qxe4+ 65. Kf1 Qf3+ 66. Kg1 Qe3+ 67. Kg2 Qc1 68. c8=N Qxc8 0-1

[Event "Katernberg 2- Katernberg"]
[Site "?"]
[Date "2023.09.03"]
[Round "1.8"]
[White "Dette, Tim"]
[Black "Klaus, Daniel"]
[Result "0-1"]
[WhiteElo "1816"]
[BlackElo "1299"]
[PlyCount "52"]
[EventDate "2023.??.??"]
[SourceVersionDate "2023.09.04"]

1. e4 e6 2. d4 d5 3. exd5 exd5 4. Nf3 Nc6 5. Bd3 Bd6 6. O-O Nge7 7. Re1 Bg4 8. c3 Qd7 9. Nbd2 O-O 10. Qc2 Bf5 11. Bxf5 Nxf5 12. Nb3 b6 13. Bd2 Nce7 14. Ne5 Qc8 15. Re2 f6 16. Nf3 Ng6 17. Rae1 Nfh4 18. Nxh4 Nxh4 19. Re3 Qg4 20. g3 Nf3+ 21. Kg2 Nxe1+ 22. Rxe1 Rfe8 23. Be3 Qe4+ 24. Qxe4 Rxe4 25. Nd2 Re7 26. Nb3 Rae8 0-1

[Event "Bochum- Mülheim Nord 2"]
[Site "?"]
[Date "2023.09.24"]
[Round "2.1"]
[White "Buckels, Valentin"]
[Black "Zatonskih, Anna"]
[Result "1/2-1/2"]
[WhiteElo "2429"]
[BlackElo "2363"]
[PlyCount "43"]
[EventDate "2023.??.??"]
[SourceVersionDate "2023.09.04"]

1. d4 d5 2. Nf3 e6 3. Bf4 Bd6 4. Bg5 Be7 5. Bxe7 Qxe7 6. c4 Nf6 7. Nc3 O-O 8. e3 dxc4 9. Bxc4 c5 10. dxc5 Qxc5 11. Qd4 Qxd4 12. Nxd4 Bd7 13. O-O Nc6 14. Nf3 Rfd8 15. Rfd1 Kf8 16. h3 Rac8 17. Be2 Be8 18. g4 h6 19. Rac1 Ke7 20. a3 Rxd1+ 21. Rxd1 Na5 22. Ne5 1/2-1/2

[Event "Bochum- Mülheim Nord 2"]
[Site "?"]
[Date "2023.09.24"]
[Round "2.2"]
[White "Friedmann, Rafael"]
[Black "Stillger, Bernhard"]
[Result "1/2-1/2"]
[WhiteElo "2414"]
[BlackElo "2285"]
[PlyCount "122"]
[EventDate "2023.??.??"]
[SourceVersionDate "2023.09.04"]

1. Nf3 Nf6 2. g3 g6 3. b3 Bg7 4. Bb2 O-O 5. c4 b6 6. Bg2 Bb7 7. O-O c5 8. e3 Nc6 9. d4 cxd4 10. Nxd4 Qc8 11. Nc3 Nxd4 12. Qxd4 Bxg2 13. Kxg2 Qb7+ 14. f3 Ne8 15. Qd2 Nf6 16. e4 d6 17. Rfe1 Rac8 18. Re2 a6 19. a4 Rfd8 20. Rd1 Qd7 21. Qe3 Rc5 22. Ba3 Rc6 23. Rc2 h5 24. Qe2 Kh7 25. Bc1 Ne8 26. Be3 Rdc8 27. Bd4 Nf6 28. Ra2 Kg8 29. Qb2 Ne8 30. Bxg7 Nxg7 31. Qf2 Ne8 32. Nd5 e6 33. Ne3 Qe7 34. Re2 Nf6 35. Nd5 Nxd5 36. exd5 Rc5 37. dxe6 fxe6 38. Qd4 R8c6 39. f4 Qf7 40. Qe4 d5 41. Qe5 Kh7 42. cxd5 Rxd5 43. Rxd5 exd5 44. Rd2 Re6 45. Qxd5 Re2+ 46. Kh3 Qxd5 47. Rxd5 Rb2 48. Rd7+ Kh6 49. Rd6 Rxb3 50. f5 Kg5 51. fxg6 Kh6 52. g7+ Kxg7 53. Kh4 Rb2 54. h3 Rb3 55. Rd5 Rb4+ 56. Kxh5 Rxa4 57. Rd7+ Kf8 58. g4 Rb4 59. Kg5 a5 60. Ra7 a4 61. Kf6 Rf4+ 1/2-1/2

[Event "Bochum- Mülheim Nord 2"]
[Site "?"]
[Date "2023.09.24"]
[Round "2.3"]
[White "Baltic, Fatih"]
[Black "Jugelt, Tobias"]
[Result "0-1"]
[WhiteElo "2265"]
[BlackElo "2379"]
[PlyCount "148"]
[EventDate "2023.??.??"]
[SourceVersionDate "2023.09.04"]

1. e4 d5 2. exd5 Qxd5 3. Nc3 Qd8 4. d4 Nf6 5. Nf3 Bf5 6. Ne5 Be6 7. Be2 c6 8. Bf4 Nbd7 9. Qd2 g6 10. O-O-O Bg7 11. Kb1 Nxe5 12. Bxe5 O-O 13. h4 Qa5 14. a3 Rfd8 15. Qf4 Nd5 16. Nxd5 Qxd5 17. b3 Bxe5 18. Qxe5 Qxg2 19. h5 Rd5 20. Qe3 Qg5 21. hxg6 hxg6 22. f4 Qf6 23. Bc4 Rd6 24. Bxe6 Qxe6 25. Qg3 Rd5 26. Rdg1 Qf6 27. Qh2 Qg7 28. f5 Rxf5 29. Qc7 Qf6 30. Qh2 Qg7 31. Qc7 e6 32. Qxb7 Rd8 33. Rg4 Rfd5 34. Qxc6 Rxd4 35. Rxd4 Qxd4 36. Qc7 Kg7 37. Qh2 Kf6 38. Rf1+ Ke7 39. Rf4 Qd1+ 40. Kb2 Qe1 41. Ra4 Rd7 42. Qb8 Qd2 43. Qe5 f6 44. Qc5+ Qd6 45. Qg1 Qe5+ 46. Ka2 Qf5 47. Rc4 g5 48. Rc5 Qe4 49. Rc8 e5 50. Qc5+ Ke6 51. Re8+ Kf5 52. Qc8 Qb7 53. Qc4 Qd5 54. Qf1+ Kg6 55. Rf8 Qd6 56. Rg8+ Rg7 57. Rh8 Qd2 58. Qc4 Qg2 59. Qc8 g4 60. Qe8+ Kf5 61. Rh5+ Rg5 62. Qc8+ Kf4 63. Rh6 Rf5 64. Qc4+ Qe4 65. Qc5 Kg3 66. Qg1+ Qg2 67. Qe1+ Qf2 68. Qc3+ Rf3 69. Qc8 Qd4 70. Rh1 Qc3 71. Rg1+ Kf2 72. Qxc3 Rxc3 73. Rxg4 Rxc2+ 74. Kb1 Rc6 0-1

[Event "Bochum- Mülheim Nord 2"]
[Site "?"]
[Date "2023.09.24"]
[Round "2.4"]
[White "Illner, Achim"]
[Black "De Boer, Bas"]
[Result "1-0"]
[WhiteElo "2436"]
[BlackElo "2194"]
[PlyCount "147"]
[EventDate "2023.??.??"]
[SourceVersionDate "2023.09.04"]

1. d4 Nf6 2. Nf3 d5 3. c4 e6 4. g3 Bb4+ 5. Bd2 Be7 6. Bg2 O-O 7. O-O c6 8. Qc2 b6 9. Rd1 Bb7 10. Bf4 Nbd7 11. Nbd2 c5 12. dxc5 bxc5 13. Ne5 Nxe5 14. Bxe5 Qb6 15. e3 Rfd8 16. Nb3 Rac8 17. Bc3 Qa6 18. Na5 Ba8 19. Qa4 Qb6 20. a3 Bf8 21. Bxf6 gxf6 22. Rab1 d4 23. Bxa8 Rxa8 24. exd4 cxd4 25. b4 e5 26. Qc6 Rac8 27. Qe4 Qe6 28. g4 Bh6 29. Rd3 Bf4 30. h3 Kg7 31. Nb7 Rh8 32. c5 h5 33. Nd6 hxg4 34. hxg4 Rh2 35. Rbb3 Rch8 36. Nf5+ Kf8 37. Qa8+ Qe8 38. Qxe8+ Kxe8 39. Ng7+ Ke7 40. Nh5 Rh4 41. Nxf4 exf4 42. Kf1 Rxg4 43. Ke2 Rd8 44. b5 Rg5 45. c6 Rc5 46. Rb4 a6 47. a4 axb5 48. axb5 Ke6 49. Kf3 Rb8 50. Rdxd4 Rcxb5 51. Rbc4 Rc8 52. c7 Ke7 53. Rc6 Re5 54. Kxf4 Re6 55. Rc5 Rd6 56. Rdc4 Re6 57. Kf5 Rd6 58. f4 Kd7 59. Re4 Rxc7 60. Rxc7+ Kxc7 61. Re7+ Kd8 62. Rxf7 Ke8 63. Rxf6 Rd1 64. Rb6 Rf1 65. Rb8+ Ke7 66. Rb7+ Kd6 67. Rg7 Ra1 68. Kf6 Ra6 69. f5 Kd5+ 70. Kg5 Ra1 71. Re7 Ra6 72. f6 Kd6 73. Re2 Kd7 74. f7 1-0

[Event "Bochum- Mülheim Nord 2"]
[Site "?"]
[Date "2023.09.24"]
[Round "2.5"]
[White "Proettel, Swen"]
[Black "Golovanj, Andrej"]
[Result "1/2-1/2"]
[WhiteElo "2131"]
[BlackElo "2305"]
[PlyCount "45"]
[EventDate "2023.??.??"]
[SourceVersionDate "2023.09.04"]

1. e4 c5 2. Nc3 d6 3. f4 g6 4. Nf3 Bg7 5. Bc4 Nc6 6. O-O e6 7. d3 Nge7 8. Qe1 O-O 9. f5 d5 10. Bb3 c4 11. dxc4 dxe4 12. f6 Bxf6 13. Nxe4 Bg7 14. Bg5 f6 15. Rd1 Qc7 16. Be3 Na5 17. Bc5 b6 18. Bd6 Qb7 19. Bb4 Nxb3 20. axb3 e5 21. Nd6 Qc7 22. Nb5 Qb7 23. Nd6 1/2-1/2

[Event "Bochum- Mülheim Nord 2"]
[Site "?"]
[Date "2023.09.24"]
[Round "2.6"]
[White "Zozulia, Anna"]
[Black "Dordevic, Tom"]
[Result "1-0"]
[WhiteElo "2225"]
[BlackElo "1997"]
[PlyCount "115"]
[EventDate "2023.??.??"]
[SourceVersionDate "2023.09.04"]

1. e4 c5 2. Nf3 d6 3. c3 Nf6 4. Be2 g6 5. O-O Bg7 6. d3 O-O 7. Nbd2 Nc6 8. h3 e5 9. Re1 d5 10. exd5 Qxd5 11. Bf1 Rd8 12. Qa4 b6 13. Ne4 Nh5 14. Bg5 Rf8 15. d4 cxd4 16. cxd4 Nxd4 17. Nxd4 Qxd4 18. Qxd4 exd4 19. Be7 Re8 20. Nd6 Be6 21. Nxe8 Rxe8 22. Bg5 h6 23. Bd2 Rd8 24. Bd3 Nf6 25. Rac1 Nd7 26. Bc4 Nc5 27. b4 Bxc4 28. Rxc4 Nd3 29. Re7 Ne5 30. Rc1 b5 31. Rec7 Nc4 32. R1xc4 bxc4 33. Rxc4 Re8 34. Kf1 g5 35. g4 a6 36. Rc6 Re6 37. Rxe6 fxe6 38. a4 Kf7 39. Ke2 Ke7 40. Kd3 Kd6 41. Kc4 Bf6 42. b5 axb5+ 43. axb5 e5 44. Bb4+ Kc7 45. Bc5 Kd7 46. Bb4 Be7 47. Bd2 Ba3 48. f3 Kd6 49. Ba5 Kd7 50. Kd5 Bb2 51. b6 Ba3 52. Kxe5 d3 53. Ke4 Kc6 54. Kxd3 Bd6 55. Ke4 Kb5 56. Bc3 Kxb6 57. Bg7 Bf4 58. Bxh6 1-0

[Event "Bochum- Mülheim Nord 2"]
[Site "?"]
[Date "2023.09.24"]
[Round "2.7"]
[White "Albers, Sasa"]
[Black "Golinka, Oleksandr"]
[Result "1/2-1/2"]
[WhiteElo "2164"]
[BlackElo "2189"]
[PlyCount "55"]
[EventDate "2023.??.??"]
[SourceVersionDate "2023.09.04"]

1. e4 e6 2. d4 d5 3. Nd2 c5 4. Ngf3 Nf6 5. exd5 exd5 6. Bb5+ Bd7 7. Qe2+ Be7 8. dxc5 O-O 9. O-O Bxc5 10. Nb3 Re8 11. Qd3 Bb6 12. Bg5 Nc6 13. c3 Ne5 14. Nxe5 Bxb5 15. Qxb5 Rxe5 16. Bh4 Rh5 17. Bxf6 Qxf6 18. Rae1 g6 19. Nd4 Bxd4 20. cxd4 Qxd4 21. Qxb7 Rd8 22. Re3 Re5 23. Rf3 Rf8 24. Ra3 Re2 25. Qxa7 Qxb2 26. Rd3 Qxa2 27. Qxa2 Rxa2 28. Rxd5 1/2-1/2

[Event "Bochum- Mülheim Nord 2"]
[Site "?"]
[Date "2023.09.24"]
[Round "2.8"]
[White "Zatonskih, Vitaly"]
[Black "Bus, Tom"]
[Result "0-1"]
[WhiteElo "2139"]
[BlackElo "2108"]
[PlyCount "56"]
[EventDate "2023.??.??"]
[SourceVersionDate "2023.09.04"]

1. e4 c5 2. Nf3 d6 3. d4 cxd4 4. Nxd4 Nf6 5. f3 e5 6. Bb5+ Nbd7 7. Nf5 d5 8. exd5 a6 9. Bxd7+ Bxd7 10. Ne3 b5 11. O-O Bc5 12. Kh1 h5 13. Nc3 Qb6 14. Qd3 h4 15. Ne4 Nh5 16. Nxc5 Ng3+ 17. Kg1 Qxc5 18. Re1 Nf5 19. Qc3 Qb6 20. Qxe5+ Kf8 21. Kf1 Re8 22. Qf4 b4 23. c4 Rh5 24. Nc2 Rxe1+ 25. Nxe1 g5 26. Qd2 h3 27. Qf2 hxg2+ 28. Kxg2 Rxh2+ 0-1

[Event "Katernberg- Brackel"]
[Site "?"]
[Date "2023.09.24"]
[Round "2.1"]
[White "Fiebig, Thomas"]
[Black "Siebrecht, Sebastian"]
[Result "1/2-1/2"]
[WhiteElo "2413"]
[BlackElo "2365"]
[PlyCount "71"]
[EventDate "2023.??.??"]
[SourceVersionDate "2023.09.04"]

1. e4 g6 2. d4 Bg7 3. Nc3 d6 4. h3 Nf6 5. Nf3 O-O 6. Be3 c6 7. a4 Nbd7 8. Qd2 e5 9. dxe5 dxe5 10. Bc4 Qe7 11. O-O Nb6 12. Bb3 Be6 13. Bxe6 Qxe6 14. b3 Rfd8 15. Qe2 Nh5 16. Rfd1 Nf4 17. Qf1 Qf6 18. Rxd8+ Rxd8 19. Rd1 Ne6 20. Rxd8+ Qxd8 21. Qd1 Qxd1+ 22. Nxd1 f6 23. Nb2 Bf8 24. Nd3 Kf7 25. Kf1 Ke8 26. Ke2 Kd7 27. a5 Nc8 28. Nd2 b5 29. axb6 axb6 30. f3 Kc7 31. Kd1 Nd6 32. c3 Nb5 33. Kc2 Nd6 34. Nb2 Nf7 35. Nd3 Bh6 36. Bxh6 1/2-1/2

[Event "Katernberg- Brackel"]
[Site "?"]
[Date "2023.09.24"]
[Round "2.3"]
[White "Fluechter, Gregor"]
[Black "Schimnatkowski, Lukas"]
[Result "1-0"]
[WhiteElo "2267"]
[BlackElo "2205"]
[PlyCount "141"]
[EventDate "2023.??.??"]
[SourceVersionDate "2023.09.04"]

1. e4 c5 2. f4 d5 3. exd5 Nf6 4. Bb5+ Bd7 5. Bxd7+ Qxd7 6. c4 e6 7. Nf3 exd5 8. Ne5 Qe6 9. O-O Bd6 10. Re1 O-O 11. Ng6 Qf5 12. Nxf8 Qxf4 13. g3 Qd4+ 14. Kg2 Bxf8 15. d3 Nc6 16. Na3 Ne5 17. Nc2 Qxd3 18. Bg5 Qf5 19. Bxf6 gxf6 20. cxd5 Rd8 21. Qe2 Rxd5 22. Rf1 Qd7 23. Rad1 Bh6 24. Kg1 Kg7 25. Rxd5 Qxd5 26. b3 b6 27. Qf2 Ng4 28. Qf5 Qe6 29. Qxe6 fxe6 30. Rd1 Ne3 31. Rd7+ Kg6 32. Na3 Nd5 33. Rxa7 Nc3 34. Nc2 Bd2 35. Rb7 Nxa2 36. Rxb6 e5 37. Rc6 Nc1 38. Rxc5 Nxb3 39. Rd5 Nd4 40. Nxd4 Be3+ 41. Kg2 Bxd4 42. Kf3 h5 43. Rd8 f5 44. Rg8+ Kf6 45. h4 e4+ 46. Ke2 Be5 47. Rg5 f4 48. gxf4 Bxf4 49. Rxh5 Kg6 50. Rh8 Be5 51. Rg8+ Kh6 52. Ke3 Bf6 53. Kf4 e3 54. Kg4 Bc3 55. Re8 Bd2 56. Re6+ Kg7 57. h5 Kf7 58. Kf5 Kg7 59. Re7+ Kh6 60. Kg4 Bc1 61. Kh4 Bd2 62. Kg4 Bc1 63. Re6+ Kh7 64. h6 e2 65. Kh5 Bd2 66. Re7+ Kg8 67. Rxe2 Bc3 68. Kg6 Bg7 69. Re8+ Bf8 70. h7+ Kh8 71. Rxf8# 1-0

[Event "Katernberg- Brackel"]
[Site "?"]
[Date "2023.09.24"]
[Round "2.4"]
[White "Wessendorf, Thomas"]
[Black "Steinmetzer, Thomas"]
[Result "1/2-1/2"]
[WhiteElo "2259"]
[BlackElo "2227"]
[PlyCount "82"]
[EventDate "2023.??.??"]
[SourceVersionDate "2023.09.04"]

1. e4 e5 2. Nf3 Nc6 3. Bb5 a6 4. Ba4 Nf6 5. O-O Nxe4 6. d4 b5 7. Bb3 d5 8. dxe5 Be6 9. Nbd2 Nc5 10. c3 d4 11. Bxe6 Nxe6 12. cxd4 Ncxd4 13. a4 Bb4 14. axb5 Nxb5 15. Qb3 c5 16. Ne4 O-O 17. Rd1 Nbd4 18. Nxd4 Nxd4 19. Qd3 Qe7 20. Bf4 Ne6 21. Bg3 a5 22. Qc4 Nd4 23. Nd6 Qe6 24. Qd3 Qg6 25. f4 Qxd3 26. Rxd3 Rfd8 27. Kf1 Nf5 28. Rad1 Nxd6 29. Rxd6 Rdc8 30. Rd7 c4 31. Be1 g6 32. Rb7 Rab8 33. Rxb8 Rxb8 34. Bh4 c3 35. bxc3 Bxc3 36. Rd3 Bb2 37. Be7 a4 38. Ba3 Bxa3 39. Rxa3 Rb4 40. g3 Kg7 41. Rc3 Rb7 1/2-1/2

[Event "Katernberg- Brackel"]
[Site "?"]
[Date "2023.09.24"]
[Round "2.5"]
[White "Kartsev, Soel"]
[Black "Gruenter, Martin"]
[Result "1/2-1/2"]
[WhiteElo "2139"]
[BlackElo "2231"]
[PlyCount "57"]
[EventDate "2023.??.??"]
[SourceVersionDate "2023.09.04"]

1. d4 e6 2. Nf3 c5 3. e3 Nf6 4. c3 b6 5. Nbd2 Bb7 6. Bd3 cxd4 7. exd4 Be7 8. O-O O-O 9. Qe2 d6 10. Ne4 Nbd7 11. Bf4 Nxe4 12. Bxe4 Bxe4 13. Qxe4 Nf6 14. Qe2 Qd7 15. c4 Qb7 16. a4 d5 17. b3 Rfd8 18. Rfc1 Rac8 19. a5 h6 20. h3 bxa5 21. c5 Qxb3 22. Rxa5 g5 23. Be5 Rd7 24. Rca1 Ne4 25. Rxa7 Rxa7 26. Rxa7 Qb1+ 27. Qf1 Qxf1+ 28. Kxf1 Bf8 29. Ra6 1/2-1/2

[Event "Katernberg- Brackel"]
[Site "?"]
[Date "2023.09.24"]
[Round "2.6"]
[White "Rosen, Bernd"]
[Black "Prieb, Robert"]
[Result "1/2-1/2"]
[WhiteElo "2311"]
[BlackElo "2144"]
[PlyCount "59"]
[EventDate "2023.??.??"]
[SourceVersionDate "2023.09.04"]

1. Nf3 d5 2. c4 e6 3. g3 Nf6 4. Bg2 Be7 5. O-O O-O 6. b3 b6 7. Bb2 Bb7 8. e3 c5 9. Nc3 Nc6 10. cxd5 Nxd5 11. Nxd5 exd5 12. d4 Bf6 13. Qd2 Re8 14. Rfd1 Rc8 15. Rac1 Ne7 16. dxc5 Bxb2 17. Qxb2 bxc5 18. Qa3 Qb6 19. Ne5 Rc7 20. Nd3 Rec8 21. Bh3 f5 22. Qa4 c4 23. bxc4 dxc4 24. Ne5 c3 25. Rd4 Qe6 26. Nd3 Nc6 27. Rf4 Ne7 28. Rd4 Nc6 29. Rf4 Ne7 30. Rd4 1/2-1/2